00285nam a2200121Ia 4500008004100000082001700041100002000058245003000078250000800108260002300116300000800139650001600147191201s2009 xx 000 0 und d a629.831bKUA aKUO, Benjamin C 0aAutomatic Control Systems a8th aN.DelhibPHIc2009 a897 aB.Tech(ECE)